|
|
|
|
| LEADER |
01318nam a2200301 a 4500 |
| 001 |
15637683 |
| 008 |
090816r20031974nyu b 001 0 eng d |
| 010 |
|
|
|a 2009007907
|
| 020 |
|
|
|a 0070990107
|
| 020 |
|
|
|a 0071615695 (alk. paper)
|
| 040 |
|
|
|a DLC
|c DLC
|
| 082 |
0 |
0 |
|a 515/.9
|2 22
|
| 245 |
0 |
0 |
|a Schaum's outline of complex variables :
|b with an introduction to conformal mapping and its applications /
|c Murray R. Spiegel
|
| 246 |
3 |
0 |
|a Complex variables
|
| 250 |
|
|
|a 2nd ed.
|
| 260 |
|
|
|a New York :
|b McGraw-Hill Professional,
|c 1974.[2003]
|
| 300 |
|
|
|a 312p. :
|b ill. ;
|c 24cm.
|
| 490 |
0 |
|
|a Schaum's outlines series
|
| 504 |
|
|
|a Includes bibliographical references and index.
|
| 541 |
1 |
|
|e 00008695
|
| 650 |
|
0 |
|a Functions of complex variables.
|
| 650 |
|
0 |
|a Functions of several complex variables.
|
| 700 |
1 |
|
|a Spiegel, Murray R.
|
| 852 |
4 |
|
|a Ayesha Abed Library
|j General shelf
|
| 942 |
0 |
0 |
|0 1
|
| 999 |
|
|
|c 3148
|d 3148
|
| 952 |
|
|
|0 0
|1 0
|2 ddc
|4 0
|6 515_900000000000000_SCH
|7 0
|9 2853
|a BRACUL
|b BRACUL
|c GEN
|d 2009-08-30
|g 0.00
|l 29
|m 197
|o 515.9 SCH
|p 3010008695
|r 2026-04-04
|s 2026-03-29
|t 1
|w 2009-08-30
|y BK
|x No price found in the accession register.
|
| 952 |
|
|
|0 0
|1 0
|2 ddc
|4 0
|6 515_000000000000000__9_SCH_2003
|7 0
|9 9485
|a BRACUL
|b BRACUL
|c GEN
|d 2010-04-27
|l 44
|m 253
|o 515.9 SCH
|p 3010008704
|r 2025-10-13
|s 2025-05-25
|t 2
|w 2010-04-27
|y BK
|